| 000 | 00557cam a2200217ua 4500 | ||
|---|---|---|---|
| 020 |
_a0 07 46005 9 _c84.00 |
||
| 041 |
_aeng _h |
||
| 082 |
_a005.133 _bBAL/PR |
||
| 100 | _aBalagurusamy, E . | ||
| 245 |
_aProgramming in BASIC / _cE.Balagurusamy. _hTextual Documents |
||
| 250 |
_a3 / _b. |
||
| 260 |
_aNew Delhi : _bTata Mc-Graw Hill Publishing Company , _c1993. |
||
| 300 | _a317 ; . | ||
| 365 | _a84.00 | ||
| 500 | _a18293-94 Scheme | ||
| 504 | _a | ||
| 942 | _cBK | ||
| 999 |
_c2980 _d2980 |
||